[Event "78th ARM-ch Highest League 2018"]
[Site "Yerevan"]
[Date "2018.01.12"]
[Round "1"]
[White "Hovhannisyan, Robert"]
[Black "Ter-Sahakyan, Samvel"]
[Result "1-0"]
[WhiteElo "2591"]
[BlackElo "2563"]
[Annotator "TA"]
[PlyCount "79"]
[EventDate "2018.??.??"]
[EventType "tourn"]
[EventCountry "ARM"]
[SourceTitle "playchess.com"]
[Source "ChessBase"]
[SourceQuality "1"]

{[%evp 10,79,23,13,30,22,25,11,8,0,226,2,-6,0,65,75,91,45,130,106,121,124,116,101,104,100,145,116,129,124,104,134,132,67,67,90,110,78,90,81,82,60,75,66,117,103,115,31,100,36,103,109,133,114,327,334,333,321,337,319,304,321,397,387,704,707,676,664,695,686,669,657]} 1. e4 {[%cal Be2e4,Be4e5][%mdl 32]} c5 2. Nf3 d6 3. Nc3 Nf6 4. d4 cxd4 5. Qxd4 a6 6. e5 Nc6 {B53: Sicilian: 2...d6: Lines with Qxd4} 7. Qa4 Ng4 (7... dxe5 8. Nxe5 Bd7 9. Nxd7 Qxd7 10. Bd2 g6 11. O-O-O Bg7 12. Bg5 Qg4 13. Bxf6 Qxa4 14. Nxa4 Bxf6 {½-½ (49) Kramnik,V (2808)-Nakamura,H (2785) Stavanger 2017}) 8. exd6 Qb6 {The position is equal.} 9. h3 Qxf2+ 10. Kd1 Nf6 11. Nb5 $36 {[%mdl 2048] Black is under pressure.} Rb8 $146 (11... Nd5 $1 $11) ({Predecessor:} 11... Kd8 12. Ng5 Nd5 13. Bd3 Be6 14. Nc7 Nxc7 15. dxc7+ {1-0 (15) Percze,R (2025)-Tremayne,D (1896) IECG email 2001}) 12. Nc7+ $14 Kd8 {Hoping for ...Qc5.} 13. Nxa6 bxa6 (13... Ra8 $14) 14. Qxc6 $16 exd6 {[#]} 15. Bd2 $1 {[%cal Rd2a5]} Bd7 16. Qxa6 {Bc4 is the strong threat.} Ne4 17. Be1 Qe3 18. Bd3 Be7 19. Bxe4 Qxe4 20. Bc3 Qd5+ 21. Qd3 (21. Kc1 $16) 21... Qxd3+ $14 22. cxd3 Bc6 23. Re1 Kd7 24. Re2 Rhc8 25. Kd2 Bd5 26. a4 {[%cal Ba2a4,Ba4a5][%mdl 32]} Bd8 ({Black should try} 26... Bf6 $14) 27. a5 $16 (27. Bxg7 Ba5+ 28. Ke3 Re8+ 29. Kf2 Bb6+ 30. Nd4 Rg8 $19) 27... Ra8 28. b4 (28. Rf2 $16) 28... Rab8 (28... Bxf3 $1 $14 29. gxf3 Bg5+ 30. Kc2 Bf6) 29. Ra3 (29. Rf2 $16) 29... Rb7 (29... Bf6 $1 $14) 30. Re1 Rbc7 31. Rb1 ({Avoid the trap} 31. Bxg7 $2 Rc2+ 32. Ke3 Rxg2 $19) 31... Bf6 $2 (31... Bxf3 $16 {might work better.} 32. gxf3 Bg5+ 33. Kc2 Bf6) 32. Bxf6 $18 {[#] And now Bc3 would win.} Rc2+ 33. Ke3 Rxg2 34. Ne1 Rg3+ 35. Kd4 Ba8 36. b5 {[%cal Bb4b5,Bb5b6][%mdl 32]} Rc5 $2 (36... gxf6 37. b6 Rb8) 37. b6 {White is clearly winning.} Rd5+ 38. Kc3 gxf6 39. a6 Rc5+ 40. Kd2 {Precision: White = 61%, Black = 29%.} 1-0

[Event "78th ARM-ch Highest League 2018"]
[Site "Yerevan"]
[Date "2018.01.12"]
[Round "1"]
[White "Grigoryan, Karen H"]
[Black "Andriasian, Zaven"]
[Result "1-0"]
[WhiteElo "2581"]
[BlackElo "2585"]
[Annotator "TA"]
[PlyCount "81"]
[EventDate "2018.??.??"]
[EventType "tourn"]
[EventCountry "ARM"]
[SourceTitle "playchess.com"]
[Source "ChessBase"]
[SourceQuality "1"]

{[%evp 29,81,0,0,-7,0,0,0,0,4,0,0,-8,35,8,8,0,40,40,40,40,127,126,125,123,151,161,130,68,107,110,166,151,287,281,291,274,273,256,259,254,402,403,379,361,530,498,685,608,29986,29987,29991,29992,29995,3306]} 1. e4 c5 2. Nf3 d6 3. d4 cxd4 4. Qxd4 Nc6 5. Bb5 Bd7 6. Bxc6 Bxc6 7. Nc3 Nf6 8. Bg5 e6 9. O-O-O Be7 10. Rhe1 O-O 11. Kb1 Qc7 12. Qd2 Rfd8 13. Nd4 a6 14. f3 {B53: Sicilian: 2...d6: Lines with Qxd4} Be8 15. g4 {[%cal Bg2g4,Bg4h5,Bh5h6][%mdl 32]} b5 {LiveBook: 11 Games} 16. h4 {[%cal Bh2h4,Bh4g5][%mdl 32] The position is equal.} b4 17. Nce2 a5 18. Ng3 {[#]} Rdc8 $146 ({Predecessor:} 18... Qb7 19. Rg1 Kh8 {½-½ (19) Jovanovic,Z (2525)-Kovacevic,A (2561) Banja Vrucica 2009}) 19. Nh5 Nxh5 20. gxh5 Bxg5 21. hxg5 a4 22. h6 {With the idea hxg7.} g6 23. Qf4 {Threatening mate with Qf6.} ({But not} 23. Qxb4 e5 $17) 23... Qe7 24. e5 dxe5 (24... d5 $14) 25. Qxe5 $16 {[%csl Gh6][%cal Re5g7]} Qf8 26. Qf6 Ra5 27. f4 $40 {[%mdl 128] White has strong attack.} Rd5 28. Nf3 {And now Rxd5 would win.} Rf5 $1 {[%cal Rf5f6]} 29. Qd4 Rd5 (29... f6 $16) 30. Qe3 $1 $18 Rcd8 (30... Rb5 $16) 31. Rxd5 Rxd5 32. Nd2 $1 f5 33. Nc4 ({And not} 33. Qxe6+ Bf7 $11) 33... Qe7 34. Kc1 b3 (34... Bb5 $142) 35. axb3 axb3 36. Qxb3 Qc7 (36... Qa7 {was worth a try.} 37. Kb1 Bf7) 37. Re5 Rd4 38. Rxe6 Qxf4+ {[#]} 39. Ne3 $1 {[%cal Re6e8] White mates.} Kf8 40. Qa3+ Rb4 41. Rb6 {Precision: White = 82%, Black = 33%.} (41. Qa7 $142 Bd7 42. Qc5+ Kg8 {[#]} 43. Qe7 $1 {[%mdl 512]} Qxe3+ 44. Rxe3 Kh8 45. Qg7#) 1-0

[Event "78th ARM-ch Highest League 2018"]
[Site "Yerevan"]
[Date "2018.01.12"]
[Round "1"]
[White "Pashikian, Arman"]
[Black "Gabuzyan, Hovhannes"]
[Result "1/2-1/2"]
[WhiteElo "2578"]
[BlackElo "2571"]
[Annotator "TA"]
[PlyCount "51"]
[EventDate "2018.??.??"]
[EventType "tourn"]
[EventCountry "ARM"]
[SourceTitle "playchess.com"]
[Source "ChessBase"]
[SourceQuality "1"]

{[%evp 9,51,47,43,2,41,19,20,18,35,23,18,16,66,52,55,57,69,6,27,-15,1,-14,-14,-32,0,0,0,0,0,0,0,0,0,0,0,0,0,0,0,0,0,0,0,0]} 1. Nf3 Nf6 2. c4 c6 3. d4 b5 (3... d5 4. e3 e6 5. b3 c5 6. Bb2 cxd4 7. exd4 dxc4 8. bxc4 Qa5+ 9. Nbd2 Ba3 10. Qc1 Bxb2 11. Qxb2 Nc6 12. Be2 Qb4 13. O-O-O {½-½ (57) Short,N (2698)-Duda,J (2706) Heraklio 2017}) 4. c5 d6 5. cxd6 exd6 {LiveBook: 4 Games} 6. Nbd2 $146 {A50: Queen's Fianchetto Defence (1 d4 Nf6 2 c4 b6)} ({Predecessor:} 6. a4 b4 7. Bg5 h6 8. Bxf6 Qxf6 9. e4 g5 10. h3 Bg7 11. Nbd2 {1-0 (37) Jumabayev,R (2548)-Mikhalchenko,P (2328) Tomsk 2013}) 6... g6 7. a4 b4 8. e4 {[%cal Be2e4,Be4e5][%mdl 32]} Bg7 9. Be2 O-O 10. O-O Re8 11. e5 Nd5 {[%cal Rd6e5]} 12. Nc4 Ba6 13. Re1 ({Better is} 13. Bg5 $14 f6 14. exf6 (14. Nxd6 $2 Bxe2 15. Qxe2 Qxd6 $19) 14... Bxf6 15. Bxf6 Qxf6 16. Ne3) 13... dxe5 $11 14. Nfxe5 Qc7 15. Bd2 Nd7 16. Rc1 Nxe5 (16... Bxc4 $5 17. Bxc4 Nxe5 18. Bxd5 Red8 $11) 17. Nxe5 {The position is equal.} Bxe2 18. Qxe2 Rad8 {And now ...f6 would win.} 19. Qc4 Bxe5 20. dxe5 Rxe5 21. Bxb4 Nxb4 22. Qxb4 Qb6 23. Qc3 Rxe1+ 24. Rxe1 Qd4 25. Qxc6 Qxb2 26. g3 {Precision: White = 59%, Black = 76%.} 1/2-1/2

[Event "78th ARM-ch Highest League 2018"]
[Site "Yerevan"]
[Date "2018.01.12"]
[Round "1"]
[White "Petrosyan, Manuel"]
[Black "Martirosyan, Haik M"]
[Result "1/2-1/2"]
[WhiteElo "2570"]
[BlackElo "2567"]
[Annotator "TA"]
[PlyCount "61"]
[EventDate "2018.??.??"]
[EventType "tourn"]
[EventCountry "ARM"]
[SourceTitle "playchess.com"]
[Source "ChessBase"]
[SourceQuality "1"]

{[%evp 15,61,18,23,-6,6,0,-2,0,8,0,0,0,0,0,0,0,-7,-8,-4,-8,-4,-4,0,0,0,0,0,0,0,0,0,-18,-22,-21,-21,-28,0,-52,-18,-12,-26,-26,-31,-46,0,0,0,0]} 1. d4 d5 2. c4 c6 3. Nf3 Nf6 4. e3 Bg4 5. Nc3 e6 6. h3 Bxf3 7. Qxf3 Nbd7 8. Qd1 {D11: Slav Defence: 3 Nf3 sidelines and 3...Nf6 4 e3 Bg4} (8. Bd3 Bb4 9. O-O O-O 10. Qd1 Re8 11. Bd2 dxc4 12. Bxc4 Qe7 13. a3 Bd6 14. Qc2 Rad8 15. Rfd1 h5 16. b4 h4 {0-1 (35) So,W (2815)-Carlsen,M (2832) chess.com INT 2017}) 8... Bd6 {LiveBook: 11 Games} 9. Qb3 {Threatens to win with c5.} Rb8 10. g3 $146 ({Predecessor:} 10. Be2 O-O 11. O-O dxc4 12. Qxc4 e5 13. Bd2 Re8 14. Rad1 Qc7 15. Bf3 Rbd8 {½-½ (44) Kosic,D (2536)-Pajkovic,V (2421) Cetinje 2012}) 10... O-O 11. Bg2 a6 {[%cal Ba7a6,Ba6a5][%mdl 32]} 12. a4 Bc7 13. O-O Nb6 14. c5 Nbd7 15. Qc2 a5 16. Bd2 e5 17. Rab1 Re8 18. b4 exd4 19. exd4 axb4 20. Rxb4 b6 21. cxb6 Bd6 22. Rb3 {[#] Black must now prevent a5.} Nxb6 23. Rd1 Nc4 24. Rxb8 Qxb8 25. Bg5 Nd7 26. Qf5 ({White should try} 26. Ne4 $11) 26... Qc8 27. Bf1 Ndb6 28. Qxc8 Rxc8 29. Rb1 h6 30. a5 Nxa5 31. Bxh6 $1 {Precision: White = 53%, Black = 63%.} 1/2-1/2

[Event "78th ARM-ch Highest League 2018"]
[Site "Yerevan"]
[Date "2018.01.12"]
[Round "1"]
[White "Sargsyan, Shant"]
[Black "Petrosian, Tigran L"]
[Result "1/2-1/2"]
[WhiteElo "2461"]
[BlackElo "2606"]
[Annotator "TA"]
[PlyCount "52"]
[EventDate "2018.??.??"]
[EventType "tourn"]
[EventCountry "ARM"]
[SourceTitle "playchess.com"]
[Source "ChessBase"]
[SourceQuality "1"]

{[%evp 37,43,56,35,13,13,11,13,17]} 1. d4 d5 2. c4 e6 3. Nf3 Nf6 4. Nc3 Be7 5. g3 O-O 6. Bg2 c5 7. cxd5 exd5 8. O-O Nc6 9. dxc5 Bxc5 10. Bg5 d4 11. Bxf6 Qxf6 12. Nd5 Qd8 13. Nd2 Re8 14. Rc1 Bb6 15. Nc4 Bg4 16. Re1 Ba5 17. Nxa5 Qxa5 18. b4 Nxb4 19. Qxd4 {D34: Damengambit (Tarrasch-Verteidigung, Hauptvariante)} Nxd5 {LiveBook: 31 Partien} 20. Qxd5 Qxd5 21. Bxd5 Re7 22. f3 {Vorgänger:} Be6 $146 23. Bxe6 fxe6 24. Red1 Kf7 25. Kf2 Ke8 26. Rd4 Rd8 {1-0 (59) Hracek,Z (2510)-Orsag,M (2390) Prague 1993} 1/2-1/2

[Event "78th ARM-ch Highest League 2018"]
[Site "Yerevan"]
[Date "2018.01.13"]
[Round "2"]
[White "Petrosian, Tigran L"]
[Black "Hovhannisyan, Robert"]
[Result "0-1"]
[WhiteElo "2606"]
[BlackElo "2591"]
[Annotator "TA"]
[PlyCount "80"]
[EventDate "2018.??.??"]
[EventType "tourn"]
[EventCountry "ARM"]
[SourceTitle "playchess.com"]
[Source "ChessBase"]
[SourceQuality "1"]

{[%evp 13,80,2,7,-5,-2,-5,1,-18,1,-6,0,0,14,-20,-26,-25,-3,-16,-35,-62,0,0,0,0,0,0,0,-18,-16,-17,-20,-116,-116,-116,-116,-135,-142,-132,-120,-233,-233,-206,-219,-230,-225,-279,-268,-262,-140,-170,-129,-130,-77,-79,-80,-102,-115,-395,-416,-421,-404,-6270,-5461,-5277,-5361,-1433,-1311,-1264,-1166]} 1. e4 e5 2. Nf3 Nc6 3. Bb5 Nf6 4. d3 Bc5 5. Bxc6 dxc6 6. h3 {C65: Ruy Lopez: Berlin Defence (3...Nf6), unusual lines and 4 0-0 Bc5} (6. Nc3 O-O 7. Be3 Bd6 8. Bg5 Re8 9. h3 c5 10. Nd5 Be7 11. Nxe7+ Qxe7 12. O-O h6 13. Be3 Nd7 14. Nd2 {1-0 (29) Carlsen,M (2837)-Karjakin,S (2760) Riadh 2017}) 6... Be6 7. Qe2 Nd7 {LiveBook: 3 Games} 8. Ng5 {The position is equal.} Nf8 $146 ({Predecessor:} 8... Qe7 9. Nxe6 Qxe6 10. Nd2 a5 11. a4 O-O 12. O-O Rfd8 13. Nc4 Nf8 {½-½ (81) Sjugirov,S (2654)-Abasov,N (2575) Minsk 2017}) 9. Qh5 Bd6 10. Be3 g6 11. Qe2 Qe7 12. Nd2 O-O-O 13. Nc4 Bxc4 14. dxc4 h6 15. c5 Bxc5 {[#]} 16. Nxf7 $1 {[%mdl 512]} Bb4+ (16... Bxe3 $15 17. Nxd8 (17. Nxh8 Bd2+ 18. Kf1 Qh7 $15) 17... Bb6) (16... Qxf7 17. Bxc5) 17. c3 $11 Qxf7 18. cxb4 Ne6 19. Qc4 g5 20. a4 Rhf8 21. O-O Nd4 22. Qc5 (22. Rac1 $11 {keeps the balance.}) 22... b6 $1 $36 {[%cal Rb6c5][%mdl 2048] Black has strong initiative.} 23. Qxe5 Rfe8 24. Qh2 {[#]} Nc2 $1 {[%cal Rc2a1]} 25. Rac1 Nxb4 26. h4 (26. e5 $17) 26... Rxe4 $19 27. hxg5 hxg5 28. Bxg5 Rg8 29. Qh3+ Kb7 30. f4 Nd5 (30... Qd5 $19 31. Kh2 Qd4) 31. Qd3 Qe8 32. a5 Re2 ({Better is} 32... bxa5 33. Ra1 Re3) 33. a6+ Kb8 34. Rf2 Re3 35. Qc4 $2 {[%mdl 8192] [#]} (35. Qf1 $17) 35... Rh8 $1 {Strongly threatening ...Qh5.} 36. f5 {[#]} Qh5 $1 {[%csl Gh8][%cal Rh5h1][%mdl 512]} 37. Rd2 (37. Qh4 $142 Qxh4 38. Bxh4 Rxh4 39. f6) 37... Qh2+ {Black is clearly winning.} 38. Kf2 Qg3+ 39. Kg1 Re1+ 40. Rxe1 Qxe1+ {Precision: White = 41%, Black = 64%.} 0-1

[Event "78th ARM-ch Highest League 2018"]
[Site "Yerevan"]
[Date "2018.01.13"]
[Round "2"]
[White "Andriasian, Zaven"]
[Black "Pashikian, Arman"]
[Result "0-1"]
[WhiteElo "2585"]
[BlackElo "2578"]
[Annotator "TA"]
[PlyCount "74"]
[EventDate "2018.??.??"]
[EventType "tourn"]
[EventCountry "ARM"]
[SourceTitle "playchess.com"]
[Source "ChessBase"]
[SourceQuality "1"]

{[%evp 9,74,6,21,22,16,16,30,22,22,20,34,18,13,0,-9,-4,39,0,0,0,0,0,0,-46,-39,-52,-23,-108,-8,-18,0,0,0,0,0,0,0,0,0,0,0,0,0,0,0,0,-6,-64,-61,-62,-41,-129,-100,-97,-88,-225,-135,-266,-269,-427,-400,-527,-522,-706,-689,-687,-678]} 1. e4 e5 2. Nf3 Nc6 3. Bb5 Nf6 4. d3 Bc5 5. c3 O-O 6. O-O {C65: Ruy Lopez: Berlin Defence (3...Nf6), unusual lines and 4 0-0 Bc5} Re8 7. Nbd2 a6 8. Bxc6 {White has an edge.} dxc6 9. Nc4 Nd7 10. Re1 Bf8 11. d4 exd4 12. cxd4 c5 $146 ({Predecessor:} 12... Nf6 13. Nce5 Be6 {1-0 (45) Alekseev,E (2683)-Godena,M (2526) Eilat 2012}) 13. d5 b5 14. Na5 $1 {[%cal Ra5c6] Nc6 is the strong threat.} Qf6 15. Nc6 Nb8 16. e5 (16. Bg5 $5 {[%cal Rg5f6]} Qg6 17. Nxb8 Rxb8 18. Bf4 $11) 16... Qg6 17. Na5 Bg4 18. Bf4 {[#]} (18. Re3 $11 {keeps the balance.}) 18... Qf5 (18... c4 $1 $17 19. a3 Nd7) 19. Bg3 Nd7 20. Nh4 Bxd1 21. Nxf5 Bc2 22. Ne3 Bd3 23. Nc6 c4 24. a4 Bc5 25. d6 cxd6 26. exd6 b4 27. Ne7+ Kf8 $1 {White must now prevent ...Bd4.} 28. Red1 (28. Rac1 $11) 28... Bxe3 29. fxe3 Nc5 30. a5 (30. Nd5 $1 $15) 30... Rxe7 31. dxe7+ Kxe7 32. Rac1 (32. e4 $17) 32... Rc8 {Strongly threatening ...Nb3.} 33. Be1 {[#]} (33. Ra1 $17) 33... Rb8 $1 $19 34. Rxc4 (34. Bg3 $142 Rb5 35. Ra1) 34... Bxc4 35. Rc1 Nd3 $1 {[%csl LRb2,LRc1] Black is clearly winning.} 36. Bh4+ {[#]} g5 $1 37. Bxg5+ f6 {Precision: White = 31%, Black = 61%.} 0-1

[Event "78th ARM-ch Highest League 2018"]
[Site "Yerevan"]
[Date "2018.01.13"]
[Round "2"]
[White "Gabuzyan, Hovhannes"]
[Black "Sargsyan, Shant"]
[Result "1/2-1/2"]
[WhiteElo "2571"]
[BlackElo "2461"]
[Annotator "TA"]
[PlyCount "95"]
[EventDate "2018.??.??"]
[EventType "tourn"]
[EventCountry "ARM"]
[SourceTitle "playchess.com"]
[Source "ChessBase"]
[SourceQuality "1"]

{[%evp 13,95,18,17,6,14,8,9,5,11,11,5,5,10,0,16,22,20,4,29,29,46,34,41,43,33,23,37,31,30,37,29,26,33,24,36,20,42,42,45,19,37,39,48,49,62,47,79,65,60,39,45,12,13,12,20,0,0,0,0,0,0,0,0,0,0,0,0,0,0,0,0,0,0,0,0,0,0,0,0,0,0,0,0,0]} 1. Nf3 d5 2. d4 Nf6 3. Bf4 Bf5 4. e3 e6 5. c4 Bxb1 6. Rxb1 {D02: 1 d4 d5 2 Nf3 sidelines, including 2...Nf6 3 g3 and 2...Nf6 3 Bf4} (6. Qxb1 Bb4+ 7. Kd1 Bd6 8. Bg5 h6 9. Bh4 g5 10. Bg3 Ne4 11. Qc2 g4 12. Nd2 Bxg3 13. Nxe4 dxe4 14. hxg3 {½-½ (77) Carlsen,M (2832)-So,W (2815) chess.com INT 2017}) 6... Bb4+ 7. Ke2 Bd6 {LiveBook: 9 Games} 8. Qa4+ Nbd7 9. Bxd6 $146 ({Find the theoretical novelty and annotate with similar games:} 9. c5 Bxf4 10. exf4 c6 11. Ne5 Nxe5 12. fxe5 Nd7 13. g3 O-O 14. Bh3 Qg5 15. Bg2 f6 16. f4 Qg6 17. b4 fxe5 18. dxe5 Rxf4 19. Rbf1 Nxc5 {0-1 (19) Fratini,M (1863)-Rondelli,R (1756) Arco 2014}) 9... cxd6 10. cxd5 Nxd5 11. g3 O-O 12. Bg2 N7b6 13. Qb5 Qe7 14. Rhc1 Rfc8 15. Nd2 Rc7 16. a4 a6 17. Qb3 a5 18. Qb5 Qd7 19. Bxd5 Nxd5 20. Qxd7 Rxd7 21. Nc4 {And now e4 would win.} f5 22. f3 Ra6 23. Na3 Ne7 24. Rc3 Rc6 25. Rbc1 Kf8 26. Nb5 Ke8 27. e4 fxe4 28. fxe4 Rd8 29. Kd3 Rxc3+ 30. Rxc3 $14 {[%mdl 4096] Endgame KRN-KRN} Nc6 31. d5 Nb4+ 32. Kd4 {[#] Hoping for Nc7+.} e5+ $1 {The position is equal.} 33. Ke3 {aiming for Rc7.} Na6 34. b3 Kd7 35. Na3 {With the idea Nc4.} Ke7 36. h4 g6 37. Nc4 Rc8 $1 38. Rc1 b6 39. h5 Nc5 40. hxg6 hxg6 41. Rh1 {[#] Threatens to win with Rh7+.} Nxb3 42. Rh7+ Kf6 43. Nxd6 Rc3+ 44. Kf2 Nc5 45. Kg2 Re3 46. Kf2 Ra3 47. Kg2 Re3 48. Kf2 {Precision: White = 72%, Black = 73%.} 1/2-1/2

[Event "78th ARM-ch Highest League 2018"]
[Site "Yerevan"]
[Date "2018.01.13"]
[Round "2"]
[White "Ter-Sahakyan, Samvel"]
[Black "Petrosyan, Manuel"]
[Result "1/2-1/2"]
[WhiteElo "2563"]
[BlackElo "2570"]
[Annotator "TA"]
[PlyCount "84"]
[EventDate "2018.??.??"]
[EventType "tourn"]
[EventCountry "ARM"]
[SourceTitle "playchess.com"]
[Source "ChessBase"]
[SourceQuality "1"]

{[%evp 17,84,0,0,0,19,19,8,0,0,0,0,8,8,0,25,7,32,25,20,33,53,47,56,11,18,13,9,19,24,0,0,0,0,0,0,0,0,0,0,0,0,0,0,0,0,0,0,0,0,0,0,0,0,0,0,0,0,0,0,0,0,0,0,-5197,0,0,0,0,0]} 1. e4 e5 2. Nf3 Nc6 3. Bc4 Bc5 4. c3 Nf6 5. d3 d6 6. Bb3 h6 7. Nbd2 {C54: Giuoco Piano: 4 c3 Nf6, main lines with 5 d4 and 5 d3} O-O 8. h3 a5 9. O-O Be6 {LiveBook: 5 Games} (9... Re8 10. Re1 Be6 11. Ba4 Bd7 12. Nf1 Qb8 13. Ng3 b5 14. Bc2 Qb6 15. Rf1 {0-1 (64) Onischuk,V (2637)-Kravtsiv,M (2672) Riadh 2017}) 10. Bc2 b5 11. Re1 Qb8 $146 ({Predecessor:} 11... b4 12. Nf1 Nh7 13. d4 exd4 14. cxd4 Nxd4 15. Nxd4 Qf6 16. Be3 {1-0 (38) Broday,G (2081)-Fonseca,B (1744) Sao Jose dos Pinhais 2012}) 12. Nb3 Bb6 13. a4 Qa7 14. Be3 Bxe3 15. Rxe3 bxa4 16. Nbd2 Qb6 17. Bxa4 Rfb8 18. b3 Ne7 19. d4 Ng6 20. Qc2 c6 21. Qb2 Qc7 22. c4 c5 23. dxe5 (23. d5 {keeps more tension.} Bd7 24. Bxd7 Nxd7 25. Qc2 Nb6 26. Ree1) 23... dxe5 24. Qc2 Bd7 25. Nb1 {[%cal Bd2b1,Bb1c3,Bc3d5][%mdl 32]} Bxa4 26. Rxa4 Ne7 {[%cal Bg6e7,Be7c6,Bc6d4][%mdl 32]} 27. Nc3 Nc6 28. Nd5 Qd6 29. Qd2 Nd4 30. Nxf6+ (30. Qa2 {with more complications.} Nc6 31. Re1 Rb7 32. Qc2 Rab8 33. Ra3) 30... Qxf6 31. Rxa5 Qf4 32. Qa2 Rxa5 33. Qxa5 Rxb3 34. Rxb3 Nxb3 35. Qa3 Nd4 36. Qxc5 Qxe4 37. Nxd4 exd4 $11 {KQ-KQ} 38. f3 Qe3+ 39. Kh2 g5 {Hoping for ...Qf4+.} 40. Qd6 $2 {[%mdl 8192] [#]} (40. Qd5 $11) 40... d3 $2 ({Black should play} 40... Qf4+ $1 $19 41. Qxf4 gxf4) 41. c5 d2 42. c6 Qc3 {Precision: White = 81%, Black = 71%.} 1/2-1/2

[Event "78th ARM-ch Highest League 2018"]
[Site "Yerevan"]
[Date "2018.01.13"]
[Round "2"]
[White "Harutyunian, Tigran K."]
[Black "Grigoryan, Karen H."]
[Result "1-0"]
[WhiteElo "2487"]
[BlackElo "2581"]
[Annotator "TA"]
[PlyCount "81"]
[EventDate "2018.??.??"]
[EventType "tourn"]
[EventCountry "ARM"]

{[%evp 16,81,14,14,10,14,37,31,65,65,63,76,59,52,65,69,61,72,57,71,103,95,97,98,48,51,122,125,119,118,128,123,134,128,126,131,115,115,150,124,134,92,133,75,178,160,136,122,134,85,69,62,73,66,356,372,372,371,366,340,683,682,687,675,804,791,1370,1231]} 1. d4 Nf6 2. Nf3 g6 3. e3 c5 4. dxc5 Qa5+ 5. Nbd2 Qxc5 6. a3 {A48: Königsindisch (ohne c2-c4)} Bg7 7. b4 Qb6 8. Bb2 O-O 9. Be2 {LiveBook: 4 Partien} d6 10. O-O Nc6 11. c4 a5 $146 ({Vorgänger:} 11... Rd8 12. Qb3 Qc7 13. h3 Bf5 {1-0 (34) Vaibhav,S (2558)-Gagare,S (2472) New Delhi 2017}) 12. c5 $1 {[%cal Rc5b6]} dxc5 13. Nc4 Qa7 14. b5 {[%mdl 1024] Weiss hat Kompensation.} Nd8 $1 15. b6 $36 {[%mdl 2048] Weiss drückt.} Qa6 16. Rb1 Be6 17. Nfd2 a4 18. Bc3 Nd5 19. Bxg7 Kxg7 20. Qc2 Rc8 (20... Nf6 $1 $14) 21. Ne4 $1 $16 {Und weiter mit Scd6 wäre nett.} Qa8 22. Rb5 {[%cal Bb1b5,Bb5a5,Ba5d5][%mdl 32]} Nf6 23. Nxc5 Bd5 24. Ra5 ({Keinesfalls} 24. Nxa4 Ne6 $14) 24... Qb8 {[#]} 25. Nd7 $1 {[%mdl 512]} Nxd7 26. Rxd5 Nc5 27. Rfd1 Nde6 28. Bg4 Rfd8 29. Bxe6 (29. Qc3+ $142 Kg8 30. Qb4) 29... fxe6 (29... Nxe6 $16 30. Rxd8 (30. Qxa4 Rxd5 31. Rxd5 Rc6 $11) 30... Rxd8) 30. R5d4 $18 Rxd4 31. exd4 Nd7 {zielt auf ...Sxb6! ab.} 32. Qxa4 Nf6 33. g3 Rc6 34. Rb1 Qd8 $2 {[%mdl 8192]} ({Lieber} 34... Qc8 $14 35. Ne3 Rd6) 35. Qxc6 $1 bxc6 {[#]} 36. Ne5 $1 Qxd4 37. b7 Ne4 $2 ({Falsch wäre} 37... Ng4 $2 38. Nxg4 Qxg4 39. b8=Q $18) (37... Qxe5 38. b8=Q Qd5) 38. b8=Q {Weiß steht klar auf Gewinn.} Qxf2+ 39. Kh1 Qe2 {[#] beabsichtigt ...Sf2+.} 40. Qb2 $1 {[%cal Rb2e2]} Nf2+ 41. Kg2 {Precision: Weiß = 90%, Schwarz = 48%.} 1-0